| 000 | 00809nam a2200229 4500 | ||
|---|---|---|---|
| 001 | 139823 | ||
| 003 | ES-MaACL | ||
| 005 | 20230906195921.0 | ||
| 007 | t| | ||
| 008 | 070214s1967 sp r ||||1| spa d | ||
| 100 | 1 |
_aSchneiders, Alexander A. _9104582 |
|
| 245 | 1 | 0 |
_aPsicología de la adolescencia / _cAlexander A. Schneider ; traducción de León Díez, Andrés Baciero, Nicolás Castellanos. |
| 260 |
_aMadrid : _bReligión y Cultura, _c1967. |
||
| 300 |
_a486 p. ; _c21 cm. |
||
| 490 | 1 | _aBiblioteca psicológica del director espiritual | |
| 700 | 1 |
_aBaciero, Andrés. _924492 |
|
| 700 | 1 |
_aCastellanos, Nicolás. _936535 |
|
| 700 | 1 |
_aDíez, León. _944657 |
|
| 830 | 0 |
_aBiblioteca psicológica del director espiritual _9220269 |
|
| 852 |
_aES-MaACL _jC-32431 _bR.62846 |
||
| 999 |
_c139823 _d139823 |
||